European Countries Simplified To Hexagons - Statistics

General Stats
  • This quiz has been taken 32 times
  • The average score is 12 of 20
Answer Stats
Picture Answer % Correct
Italy
97%
Spain
93%
Czechia
90%
Latvia
87%
Moldova
83%
Poland
83%
Portugal
73%
Norway
70%
Austria
60%
Germany
60%
Liechtenstein
60%
Montenegro
53%
Albania
50%
Ireland
47%
Bosnia and Herzegovina
43%
Lithuania
40%
Belgium
37%
Romania
33%
Belarus
23%
Ukraine
13%
No matching quizzes found
Score Distribution
Percent of People with Each Score
Percentile by Number Answered
Your Score History
You have not taken this quiz